00769cam a22002053a 450000100060000000300060000600500170001200800410002904000150007004200070008505000070009210000500009924502150014926000290036450600300039351600200042365300490044383000290049285600420052115352PGUSA20140828083328.0050313s2005||||xxu|||||s|||||000 | eng d aPGUSAbeng adc 4aRA1 aNew Zealand. Committee of the Board of Health10aVenereal Diseases in New Zealand (1922) :bReport of the Special Committee of the Board of Health appointed by the Hon. Minister of Healthh[electronic resource] /cNew Zealand. Committee of the Board of Health bProject Gutenberg,c2005 aPublic domain in the USA. aElectronic text aSexually transmitted diseases -- New Zealand 0aProject Gutenbergv1535240uhttp://www.gutenberg.org/ebooks/15352